Normal view
MARC view
Entry Personal Name
001 - CONTROL NUMBER
- control field: 514178
003 - CONTROL NUMBER IDENTIFIER
- control field: OSt
005 - DATE AND TIME OF LATEST TRANSACTION
- control field: 20220928145710.0
008 - FIXED-LENGTH DATA ELEMENTS
- fixed length control field: 220928|| aca||aabn | a|a d
040 ## - CATALOGING SOURCE
- Original cataloging agency: OSt
- Transcribing agency: OSt
100 ## - HEADING--PERSONAL NAME
- Personal name: Dormer KJ
670 ## - SOURCE DATA FOUND
- Source citation: Work cat.: (OSt)834888: Dormer KJ, Fundamental tissue geometry for biologists., 1980
